Ships, Boats and Watercraft Pictures - Statistics

General Stats
  • This quiz has been taken 137 times
  • The average score is 13 of 28
Answer Stats
Picture Answer % Correct
Submarine
94%
Cruise Ship
82%
Aircraft Carrier
79%
Kayak
78%
Rowing Boat
68%
Tug
67%
Canoe
60%
Catamaran
57%
Paddle Steamer
56%
Viking Longship
55%
Fishing Trawler
53%
Container Vessel
48%
Venetian Gondola
48%
Hovercraft
46%
Ice Breaker
46%
Junk
46%
Galleon
45%
Bulk Carrier
40%
Yacht
38%
Oil Tanker
32%
Windsurfer
31%
Ferry Boat
28%
Hydrofoil
28%
Punt
23%
Canal Narrow Boat
21%
Motor Boat
19%
Coracle
13%
Dhow
8%
No matching quizzes found
Score Distribution
Percent of People with Each Score
Percentile by Number Answered
Your Score History
You have not taken this quiz